Red or Blue State - Sudden Death - Statistics

General Stats
  • This quiz has been taken 4,017 times
  • The average score is 21 of 51
Answers on the Map
Answers color-coded by a green-red scale on the quiz's map according to % correct below.
 
Answer Stats
State Party Margin % Correct
District of Columbia Democratic 83.80%
93%
Wyoming Republican 45.80%
83%
West Virginia Republican 41.90%
69%
Idaho Republican 36.50%
68%
North Dakota Republican 36.50%
67%
Oklahoma Republican 34.30%
67%
Vermont Democratic 31.20%
63%
Kentucky Republican 30.70%
61%
Arkansas Republican 30.60%
61%
Alabama Republican 30.50%
61%
Tennessee Republican 29.70%
61%
South Dakota Republican 29.20%
60%
Maryland Democratic 27.60%
57%
Massachusetts Democratic 25.20%
57%
Mississippi Republican 24.30%
57%
Hawaii Democratic 22.80%
55%
Louisiana Republican 22.00%
55%
California Democratic 20.20%
54%
Utah Republican 21.60%
52%
Nebraska Republican 20.40%
52%
Montana Republican 19.90%
52%
Missouri Republican 18.40%
46%
Washington Democratic 18.20%
45%
Indiana Republican 19.00%
45%
South Carolina Republican 17.80%
43%
Kansas Republican 16.20%
42%
Delaware Democratic 14.70%
41%
Connecticut Democratic 14.50%
41%
Oregon Democratic 14.30%
39%
Rhode Island Democratic 13.70%
38%
Texas Republican 13.60%
38%
Iowa Republican 13.20%
36%
Alaska Republican 13.10%
35%
Florida Republican 13.10%
35%
New York Democratic 11.50%
34%
Ohio Republican 11.30%
32%
Colorado Democratic 11.00%
25%
Illinois Democratic 11.00%
22%
Maine Democratic 6.90%
21%
New Mexico Democratic 6.00%
18%
New Jersey Democratic 5.90%
18%
Virginia Democratic 5.70%
16%
Arizona Republican 5.50%
15%
Minnesota Democratic 4.20%
14%
North Carolina Republican 3.20%
13%
New Hampshire Democratic 2.80%
12%
Nevada Republican 3.10%
12%
Georgia Republican 2.20%
12%
Pennsylvania Republican 1.70%
11%
Michigan Republican 1.40%
11%
Wisconsin Republican 0.90%
11%
No matching quizzes found
Score Distribution
Percent of People with Each Score
Percentile by Number Answered
Your Score History
You have not taken this quiz